| Tag |
First Indicator |
Second Indicator |
Subfields |
| LEADER |
00000pam a2200000 a 4500 |
| 001 |
in00000565713 |
| 005 |
20151014055039.0 |
| 008 |
841017s1985 caua b 00010 eng |
| 010 |
|
|
|a 84024759
|
| 020 |
|
|
|a 0803924046
|
| 035 |
|
|
|a (OCoLC)11346477
|
| 035 |
|
|
|9 ACK7265AM
|
| 040 |
|
|
|a DLC
|c DLC
|d TXA
|d UtOrBLW
|
| 043 |
|
|
|a n-us---
|
| 049 |
|
|
|a TXAM
|c [A09021076]
|
| 050 |
0 |
0 |
|a HV9104
|b .E445 1985
|
| 082 |
0 |
|
|a 364.3/6/0973
|2 19
|
| 100 |
1 |
|
|a Elliott, Delbert S.
|
| 245 |
1 |
0 |
|a Explaining delinquency and drug use /
|c Delbert S. Elliott, David Huizinga, Suzanne S. Ageton.
|
| 264 |
|
1 |
|a Beverly Hills, Calif. :
|b Sage Publications,
|c [1985]
|
| 264 |
|
4 |
|c ©1985
|
| 300 |
|
|
|a 176 pages :
|b illustrations ;
|c 23 cm.
|
| 336 |
|
|
|a text
|b txt
|2 rdacontent
|
| 337 |
|
|
|a unmediated
|b n
|2 rdamedia
|
| 338 |
|
|
|a volume
|b nc
|2 rdacarrier
|
| 504 |
|
|
|a Bibliography: pages 165-175.
|
| 650 |
|
0 |
|a Juvenile delinquency
|z United States.
|
| 650 |
|
0 |
|a Youth
|z United States
|x Drug use.
|
| 650 |
|
0 |
|a Behavioral assessment.
|
| 700 |
1 |
|
|a Huizinga, David.
|
| 700 |
1 |
|
|a Ageton, Suzanne S.
|
| 999 |
|
|
|a MARS
|
| 999 |
f |
f |
|s 544340b4-6f44-3e65-9db1-f1043720d9ac
|i e850e418-95e2-3671-8e8c-0ff5b6a49244
|t 0
|
| 952 |
f |
f |
|p ric
|a Texas A&M University
|b Rellis Campus
|c Joint Library Facility
|d Remote Storage
|t 0
|e HV9104 .E445 1985
|h Library of Congress classification
|i unmediated -- volume
|m A14809021076
|
| 998 |
f |
f |
|a HV9104 .E445 1985
|t 0
|l Remote Storage
|